All Teams to Ever Play a FIFA World Cup on a World Map - Statistics

General Stats
  • This quiz has been taken 1,302 times
  • The average score is 68 of 78
Answers on the Map
Answers color-coded by a green-red scale on the quiz's map according to % correct below.
 
Answer Stats
# Top Finish Team % Correct
21 Winner Brazil
99%
10 3rd place United States
99%
17 Winner Argentina
98%
1 Round 1 Canada
97%
15 Winner England
97%
15 Winner France
97%
19 Winner Germany / West Germany
97%
18 Winner Italy
97%
16 Quarters Mexico
97%
7 3rd place Portugal
97%
11 4th place Russia / Soviet Union
97%
15 Winner Spain
97%
12 Runners-up Sweden
96%
5 Round 2 Australia
95%
9 3rd place Chile
95%
1 Round 1 China
95%
6 Quarters Colombia
95%
6 Round 2 Japan
95%
13 Winner Uruguay
95%
13 3rd place Belgium
94%
3 Round 1 Egypt
94%
10 Runners-up Netherlands
94%
3 Round 2 Norway
94%
5 Runners-up Croatia
93%
5 Quarters Denmark
93%
3 Quarters Ireland
93%
5 Round 2 Morocco
93%
3 Round 1 South Africa
93%
10 3rd place South Korea
93%
11 Quarters Switzerland
93%
8 3rd place Poland
92%
8 Round 1 Scotland
92%
2 3rd place Turkey
92%
1 Quarters Wales
92%
8 Quarters Paraguay
91%
5 Quarters Peru
91%
5 Round 2 Saudi Arabia
91%
1 Quarters Ukraine
91%
7 3rd place Austria
90%
4 Round 2 Algeria
89%
3 Round 2 Greece
89%
9 Runners-up Hungary
89%
1 Round 1 Iceland
89%
5 Round 1 Iran
89%
2 Round 1 New Zealand
89%
6 Round 2 Nigeria
89%
3 Round 2 Serbia / Serbia & Montenegro
89%
3 Round 1 Bolivia
88%
3 Round 2 Ecuador
88%
2 Quarters North Korea
88%
7 4th place Bulgaria
87%
5 Quarters Costa Rica
87%
9 Runners-up Czech Republic / Czechoslovakia
87%
1 Round 1 Panama
87%
2 Quarters Senegal
87%
7 Quarters Romania
86%
1 Round 2 Slovakia
86%
5 Round 1 Tunisia
86%
3 Quarters Ghana
85%
2 Round 1 Slovenia
85%
3 Quarters Northern Ireland
84%
7 Quarters Cameroon
83%
1 Round 1 Bosnia & Herzegovina
82%
3 Round 1 Honduras
81%
1 Round 1 Iraq
81%
3 Round 1 Ivory Coast
80%
1 Quarters Cuba
79%
1 Round 1 Zaire
75%
1 Round 1 Dutch East Indies
73%
1 Round 1 Israel
73%
1 Round 1 Jamaica
72%
1 Round 1 Haiti
69%
1 Round 1 United Arab Emirates
68%
1 Round 1 Angola
67%
2 Round 1 El Salvador
66%
1 Round 1 Togo
64%
1 Round 1 Trinidad and Tobago
60%
1 Round 1 Kuwait
55%
No matching quizzes found
Score Distribution
Percent of People with Each Score
Percentile by Number Answered
Your Score History
You have not taken this quiz